| 000 | 00401nam a22001577a 4500 | ||
|---|---|---|---|
| 005 | 20260530122541.0 | ||
| 008 | 260530b |||||||| |||| 00| 0 eng d | ||
| 041 | _2ENGLISH | ||
| 100 | _aCHERYL DANGEL CULLEN | ||
| 245 | _aTHE ART OF DESIGN | ||
| 250 | _a2019 | ||
| 260 |
_aU.S _bLIBRARY OF CONGRES CATALONGING IN PUBLICATION _c1/12/2025 |
||
| 300 | _aH-160 | ||
| 365 | _b3467.66 | ||
| 942 | _cBK | ||
| 999 |
_c1222297 _d1222297 |
||